000
00318nam a22001333 4500
001
206596
005
20250415115033.0
090
_a
206596
100
_a
20250415 ukry50
101
_a
ukr
102
_a
UA
200
_a
801
_2
unimarc
_a
UA
_g
psbo
942
_c
NEWSPAPER